00296nam a22000977a 4500008004100000082001000041100002500051245009400076260000900170300001900179230726b |||||||| |||| 00| 0 eng d a362.2 aParliament of Bhutan aNarcotic drugs, psychotropic substances and substance abuse(amendment) Act of Bhutan 2018 c2018 a66 p.c23.5 cm